जय-पराजय (Record no. 1220355)

MARC details
000 -LEADER
fixed length control field 00607nam a2200193Ia 4500
008 - FIXED-LENGTH DATA ELEMENTS--GENERAL INFORMATION
fixed length control field 151121s9999||||xx |||||||||||||| ||und||
082 ## - DEWEY DECIMAL CLASSIFICATION NUMBER
Classification number 833/रमेश
082 ## - DEWEY DECIMAL CLASSIFICATION NUMBER
Item number HNW-18486
100 ## - MAIN ENTRY--PERSONAL NAME
Personal name रमेश एम। ए।-अनु।
245 ## - TITLE STATEMENT
Title जय-पराजय
260 ## - PUBLICATION, DISTRIBUTION, ETC. (IMPRINT)
Name of publisher, distributor, etc "साहित्य-प्रकाशन, दिल्ली"
260 ## - PUBLICATION, DISTRIBUTION, ETC. (IMPRINT)
Date of publication, distribution, etc --
300 ## - PHYSICAL DESCRIPTION
Extent 341
600 ## - SUBJECT ADDED ENTRY--PERSONAL NAME
Personal name रमेश एम। ए।-अनु।
630 ## - SUBJECT ADDED ENTRY--UNIFORM TITLE
Uniform title जय-पराजय
700 ## - ADDED ENTRY--PERSONAL NAME
Personal name रमेश एम। ए।-अनु।
730 ## - ADDED ENTRY--UNIFORM TITLE
Uniform title जय-पराजय
942 ## - ADDED ENTRY ELEMENTS (KOHA)
Koha item type Book
Holdings
Withdrawn status Lost status Damaged status Not for loan Home library Current library Date acquired Cost, normal purchase price Total Checkouts Full call number Barcode Date last seen Cost, replacement price Price effective from Koha item type
        Hirachand Nemchand Wachanalaya, Solapur Hirachand Nemchand Wachanalaya, Solapur 11/21/2015 6.00   HNW-18486 HNW-18486 11/21/2015 6.00 11/21/2015 Book